Music Quiz

Random Music or Artist Quiz

50 Songs By: Who? (Clips) Quiz Stats

 Plays Quiz not verified by Sporcle

Challenge
Share
Tweet
Score 0/50 Timer 20:00
0 Plays Today
Time Artist % Correct
0.00Justin Bieber
78.9%
0.07Ace Of Base
69.5%
2.20Drake
61.9%
1.52Spin Doctors
47%
2.13Buddy Holly
46.4%
1.45Etta James
45.6%
4.26Stevie Nicks
45.1%
0.28Asia
44.9%
1.10Fine Young Cannibals
44.3%
2.06George Harrison
43.7%
2.41Skrillex
42.1%
3.51Walk The Moon
40%
1.31Mary J Blige
38.9%
3.37Notorious B.I.G.
38.7%
4.33Blackstreet
36%
5.15New Radicals
35.9%
0.56Audioslave
29%
4.05Rupert Holmes
28.6%
3.58The Runaways
27.8%
0.14The Chemical Brothers
27.5%
2.27Erasure
26.3%
2.48Michael Bolton
25.7%
5.08James Bay
24.6%
2.55Everything But The Girl
23.9%
3.09Chaka Khan
23.6%
Time Artist % Correct
5.22American Authors
23.1%
4.40A Great Big World
21.5%
0.35Years & Years
21.1%
3.44Three Days Grace
19.7%
5.36Echosmith
19.3%
4.1210cc
17.9%
4.47Avenged Sevenfold
17.8%
4.54Golden Earring
15.9%
3.30Plastic Bertrand
14.5%
1.17Jose Gonzalez
11.2%
4.19New Found Glory
10.7%
5.29Sigur Ros
9.5%
1.59Jamie T
9.2%
0.42Melissa Manchester
7.8%
2.34Paul Weller
7.6%
5.01Jake Bugg
7.1%
0.21The Replacements
5%
3.02Inspiral Carpets
4.9%
1.24Cocteau Twins
4.3%
1.38Woodkid
4.1%
3.23Nick Cave & The Bad Seeds
3.4%
1.03Of Mice & Men
3.2%
0.49Opeth
2.1%
3.16The Dillinger Escape Plan
1.8%
5.43Iwan Rheon
1.8%

You're not logged in!

Compare scores with friends on all Sporcle quizzes.
OR
Log In

You Might Also Like...

Show Comments

Extras

Curator's Pick Jun 27, 2016ReportNominate
Tags:Artist Quiz, Clip Quiz, Song Quiz, 2016, 24th, featured, June, never

Top Quizzes Today


Score Distribution

Your Account Isn't Verified!

In order to create a playlist on Sporcle, you need to verify the email address you used during registration. Go to your Sporcle Settings to finish the process.

Report this User

Report this user for behavior that violates our Community Guidelines.

Details: